000
00271nam a22001097a 4500
082
_a
030 COL'H
100
_a
HELSEY, WILLIAM D
_9
57307
245
_a
COLLIER'S ENCYCLOPEDIA WITH BIBLOGRAPHY AND INDEX VOL-16
250
_a
24V
260
_a
USA
_b
COLLIER
_c
1965
942
_c
BK
999
_c
567605
_d
567605